000 01060cam a22002651i 4500
003 SA-RiAUC
005 20241106151113.0
008 240918s2004 le g 000 0 ara c
040 _aSA-RiAUC
_bara
_cSA-RiAUC.
_erda
082 0 4 _a258.3
_qSA-RiAUC
090 _a258.3
_bع ل و
100 1 _aعلوي السقاف، علوي بن أحمد بن عبد الرحمن،
_d1255-1335 هجري
_eمؤلف.
245 1 0 _aمختصر الفوائد المكية فيما يحتاجة طلبة الشافعية /
_cعلوي بن أحمد السقاف.
250 _aالطبعة الأولى.
264 1 _aبيروت :
_bدار البشائر الإسلامية،
_c2004
300 _aصفحة
336 _aنص
_btxt
_2rdacontent
_3كتاب
337 _aبدون وسيط
_bn
_2rdamedia
338 _aمجلد
_bnc
_2rdacarrier
490 _aسلسلة دفائن الخزائن
_v10
650 7 _aالفقه الشافعي
_2aucsh
700 _aالمرعشلي, يوسف عبدالرحمن.
942 _2ddc
_cBOOK
949 _aSA-JeALM
_d240918
_umohamedma123
_n1
999 _c431
_d431